000 02610nam0a2200421 4500
001 RU\NLR\bibl\1389099
005 20260405185734.0
010 _a978-5-94332-071-2
021 _aRU
_b2009-35676
_92156
035 _a(nilc)RSL-KNO-004322640
035 _a(NLR Aleph) 001381151
090 _a1102897
_c1102897
100 _a20090421d2009 |||y0rusy50 ca
101 0 _arus
_aeng
_eeng
102 _aRU
105 _aa |||||||||
200 1 _aОсновные золотопродуктивные и сопутствующие метасоматические формации Урала
_dThe main goldproductive and associated metasomatic formations of the Urals
_e(геологическая позиция, зональность, минералогическая, химическая и текстурно-структурная трансформации эдуктов и прогностическое значение)
_fВ.Н. Сазонов, В.А. Коротеев
_gотв. ред. акад. РАЕН Н.С. Бортников
_g[Рос. акад. наук, Урал. отд-ние, Ин-т геологии и геохимии им. акад. А.Н. Заварицкого]
_zeng
210 _aЕкатеринбург
_cИн-т геологии и геохимии УрО РАН
_d2009
215 _a161 с., [12] л. цв. ил.
_cил., карты, табл.
_d30
300 _aАвт. также на англ. яз.
300 _aРез. на англ. яз.
320 _aБиблиогр.: с. 143-150
510 0 _6z48790
_aThe main goldproductive and associated metasomatic formations of the Urals
_zeng
606 1 _aЗолоторудные метасоматиты
_yУрал
_92573344
_3RU\NLR\auth\661521647
686 _aД9(2Р36)451.41,0
_2rubbk
686 _aД451.41-0,0
_2rubbk
686 _aД451.41-24(2Р36)
686 _aД347.5-24(2Р36)
700 1 _4070
_8rus
_7ca
_aСазонов
_bВ. Н.
_cд-р геол.-минерал. наук
_f1936-
_gВладимир Николаевич
_3RU\NLR\auth\7781973
_964901
701 1 _4070
_8rus
_7ca
_aКоротеев
_bВ. А.
_f1937-
_gВиктор Алексеевич
_3RU\NLR\auth\7725948
_98993
790 1 _4070
_8rus
_7ba
_aSazonov
_bV. N.
_cд-р геол.-минерал. наук
_f1936-
_gVladimir Nikolaevič
_3RU\NLR\auth\7781974
_964902
790 1 _4070
_8rus
_7ca
_aKoroteev
_bV. A.
_f1937-
_gViktor Alekseevič
_3RU\NLR\auth\7782006
_964934
801 0 _aRU
_bРКП
_c20090421
_grcr
801 1 _aRU
_bРГБ
_c20090421
801 2 _aRU
_bNLR
_c20090703
_grcr
830 _aавт. раскрыты по кн.
942 _cBOOK
980 _aNB